Paroles - Baby Shark - Pinkfong - Statistiques

Statistiques générales
  • Ce quiz a été pris 240 fois
  • Le résultat moyen est 60 sur 165
Statistiques - réponses
Réponse % Correct
Baby
100%
Shark,
99%
Shark
99%
Daddy
78%
Mommy
72%
Grandma
58%
Grandpa
58%
doo-doo,
30%
go
26%
Let's
25%
hunt,
22%
hunt
22%
doo-doo,
21%
doo-doo
21%
doo--doo,
21%
Run
18%
away,
17%
away
17%
the
16%
end,
15%
end
15%
at
14%
It's
14%
last,
14%
last
14%
Safe
14%
Aucun quiz correspondant
Distribution des résultats
% des personnes avec chaque résultat
Percentile par nombre de réponses
Votre historique - résultats
Vous n’avez pas pris ce quiz